[Event "EYCC Open-U14 2019"]
[Site "Bratislava"]
[Date "2019.08.07"]
[Round "6.5"]
[White "Bochnicka, Vladimir"]
[Black "Makoveev, Ilya"]
[Result "0-1"]
[WhiteElo "2169"]
[BlackElo "2288"]
[Annotator "NA"]
[PlyCount "112"]
[EventDate "2019.08.02"]
[EventType "swiss"]
[EventCountry "SVK"]
[SourceTitle "playchess.com"]
[Source "ChessBase"]
[SourceQuality "1"]
[TimeControl "40/5400+30:1800+30"]

1. e4 {[%emt 0:00:00]} c5 {[%emt 0:00:00]} 2. Nf3 {[%emt 0:00:00]} d6 {[%emt 0:00:00]} 3. d4 {[%emt 0:00:00]} cxd4 {[%emt 0:00:20]} 4. Nxd4 {[%emt 0:00:00]} Nf6 {[%emt 0:00:34]} 5. Nc3 {[%emt 0:00:00]} a6 {[%emt 0:00:06]} 6. f3 {[%emt 0:00:33]} e5 {[%emt 0:00:30]} 7. Nb3 {[%emt 0:00:09]} Be7 {[%emt 0:00:57]} 8. Be3 {[%emt 0:00:17]} Be6 {[%emt 0:00:13]} 9. Qd2 {[%emt 0:00:33]} O-O {[%emt 0:00:50]} 10. O-O-O {[%emt 0:00:43]} Nbd7 {[%emt 0:00:40]} 11. g4 {[%emt 0:00:43]} b5 {[%emt 0:00:30]} 12. g5 {[%emt 0:01:02]} b4 {[%emt 0:02:25]} 13. gxf6 {[%emt 0:00:19]} bxc3 {[%emt 0:00:07]} 14. Qxc3 {[%emt 0:00:07]} Nxf6 {[%emt 0:00:08]} 15. Na5 {[%emt 0:01:27]} Rc8 {[%emt 0:01:10]} 16. Nc6 {[%emt 0:01:24]} Qd7 {[%emt 0:00:10]} 17. Nxe7+ {[%emt 0:00:07]} Qxe7 {[%emt 0:00:02]} 18. Qa5 {[%emt 0:00:21]} Rc6 {[%emt 0:00:18]} 19. Rg1 {[%emt 0:04:55]} Rfc8 {[%emt 0:06:30]} 20. Rg2 {[%emt 0:03:56]} Nh5 {[%emt 0:09:15]} 21. Kb1 {[%emt 0:17:51]} Qf6 {[%emt 0:09:33]} 22. Rf2 {[%emt 0:23:30]} h6 {[%emt 0:04:10]} 23. Bd3 {[%emt 0:07:58]} Nf4 {[%emt 0:02:42]} 24. Qd2 {[%emt 0:05:09]} Nxd3 {[%emt 0:12:57]} 25. Qxd3 {[%emt 0:01:42]} d5 {[%emt 0:00:25]} 26. c3 {[%emt 0:06:15]} Rc4 {[%emt 0:12:09]} 27. Qd2 {[%emt 0:06:59]} dxe4 {[%emt 0:05:48]} 28. f4 {[%emt 0:03:38]} exf4 {[%emt 0:15:16]} 29. Rxf4 {[%emt 0:01:02]} Qe7 {[%emt 0:01:55]} 30. Bd4 {[%emt 0:03:05]} Ra4 {[%emt 0:08:54]} 31. b3 {[%emt 0:02:07]} Ra5 {[%emt 0:00:50]} 32. h4 {[%emt 0:02:35]} Rb8 {[%emt 0:03:49]} 33. c4 {[%emt 0:03:12]} Rf5 {[%emt 0:02:13]} 34. Rxf5 {[%emt 0:03:04]} Bxf5 {[%emt 0:00:21]} 35. Qf4 {[%emt 0:00:12]} e3+ {[%emt 0:01:12]} 36. Qxf5 {[%emt 0:00:13]} e2 {[%emt 0:00:01]} 37. Re1 {[%emt 0:00:16]} Rd8 {[%emt 0:00:36]} 38. Qg4 {[%emt 0:01:15]} f5 {[%emt 0:00:12]} 39. Qf4 {[%emt 0:02:17]} g5 {[%emt 0:00:16]} 40. hxg5 {[%emt 0:00:00]} hxg5 {[%emt 0:00:00]} 41. Rxe2 {[%emt 0:17:09]} Rxd4 {[%emt 0:12:20]} 42. Qb8+ {[%emt 0:04:55]} Rd8 {[%emt 0:00:16]} 43. Rxe7 {[%emt 0:00:09]} Rxb8 {[%emt 0:00:01]} 44. Kc2 {[%emt 0:01:27]} g4 {[%emt 0:07:01]} 45. Re5 {[%emt 0:06:16]} Rf8 {[%emt 0:00:24]} 46. Kd3 {[%emt 0:01:12]} Kg7 {[%emt 0:00:52]} 47. Ke3 {[%emt 0:01:01]} f4+ {[%emt 0:00:43]} 48. Kf2 {[%emt 0:00:08]} Kg6 {[%emt 0:02:13]} 49. b4 {[%emt 0:01:35]} f3 {[%emt 0:04:19]} 50. Re1 {[%emt 0:01:37]} Kf5 {[%emt 0:01:28]} 51. Kg3 {[%emt 0:00:27]} Rh8 {[%emt 0:00:09]} 52. Rd1 {[%emt 0:00:30]} Rh3+ {[%emt 0:00:08]} 53. Kf2 {[%emt 0:00:02]} Ke4 {[%emt 0:01:37]} 54. b5 {[%emt 0:00:42]} g3+ {[%emt 0:00:59]} 55. Kg1 {[%emt 0:00:08]} Rh2 {[%emt 0:01:11]} 56. bxa6 {[%emt 0:01:08]} f2+ {[%emt 0:00:06]} 0-1

[Event "EYCC Open-U14 2019"]
[Site "Bratislava"]
[Date "2019.08.07"]
[Round "6.6"]
[White "Mitusov, Semen"]
[Black "Vojta, Jakub"]
[Result "1-0"]
[WhiteElo "2199"]
[BlackElo "2238"]
[Annotator "NA"]
[PlyCount "73"]
[EventDate "2019.08.02"]
[EventType "swiss"]
[EventCountry "SVK"]
[SourceTitle "playchess.com"]
[Source "ChessBase"]
[SourceQuality "1"]
[TimeControl "40/5400+30:1800+30"]

1. e4 {[%emt 0:00:00]} c5 {[%emt 0:00:00]} 2. Nc3 {[%emt 0:00:22]} a6 {[%emt 0:00:00]} 3. g3 {[%emt 0:02:41]} b5 {[%emt 0:02:05]} 4. Bg2 {[%emt 0:01:39]} Bb7 {[%emt 0:00:22]} 5. d3 {[%emt 0:05:32]} e6 {[%emt 0:00:32]} 6. Nf3 {[%emt 0:03:23]} d5 {[%emt 0:04:49]} 7. exd5 {[%emt 0:03:57]} exd5 {[%emt 0:00:12]} 8. O-O {[%emt 0:00:27]} Bd6 {[%emt 0:05:30]} 9. d4 {[%emt 0:08:37]} c4 {[%emt 0:04:20]} 10. Re1+ {[%emt 0:03:45]} Ne7 {[%emt 0:00:14]} 11. Ng5 {[%emt 0:00:10]} O-O {[%emt 0:11:33]} 12. Qh5 {[%emt 0:14:38]} h6 {[%emt 0:00:11]} 13. Nf3 {[%emt 0:01:02]} b4 {[%emt 0:04:19]} 14. Nd1 {[%emt 0:05:49]} Bc8 {[%emt 0:03:41]} 15. Ne3 {[%emt 0:06:22]} Be6 {[%emt 0:01:42]} 16. Nh4 {[%emt 0:01:12]} Nd7 {[%emt 0:02:10]} 17. Ng4 {[%emt 0:06:14]} Bxg4 {[%emt 0:02:08]} 18. Qxg4 {[%emt 0:00:07]} Nf6 {[%emt 0:01:57]} 19. Qf3 {[%emt 0:02:04]} Ng6 {[%emt 0:12:27]} 20. Nf5 {[%emt 0:04:16]} Ne4 {[%emt 0:05:54]} 21. h4 {[%emt 0:01:50]} Ne7 {[%emt 0:02:50]} 22. Qg4 {[%emt 0:03:21]} Nxf5 {[%emt 0:03:30]} 23. Qxf5 {[%emt 0:00:10]} Nxg3 {[%emt 0:03:39]} 24. Qxd5 {[%emt 0:06:29]} Qf6 {[%emt 0:04:04]} 25. fxg3 {[%emt 0:02:06]} Bxg3 {[%emt 0:00:07]} 26. Re4 {[%emt 0:02:01]} Qf2+ {[%emt 0:01:36]} 27. Kh1 {[%emt 0:00:01]} Rae8 {[%emt 0:08:12]} 28. Bxh6 {[%emt 0:04:22]} Rxe4 {[%emt 0:10:13]} 29. Qxe4 {[%emt 0:00:12]} gxh6 {[%emt 0:01:51]} 30. Rf1 {[%emt 0:00:28]} Qd2 {[%emt 0:00:04]} 31. Qg4+ {[%emt 0:00:11]} Kh8 {[%emt 0:00:15]} 32. Qxg3 {[%emt 0:00:16]} Qxc2 {[%emt 0:00:11]} 33. Rf6 {[%emt 0:02:11]} Qc1+ {[%emt 0:00:31]} 34. Kh2 {[%emt 0:00:13]} c3 {[%emt 0:01:46]} 35. bxc3 {[%emt 0:00:52]} bxc3 {[%emt 0:00:07]} 36. Qe5 {[%emt 0:00:40]} Kg8 {[%emt 0:00:13]} 37. Rf3 {[%emt 0:00:55]} 1-0

[Event "EYCC Open-U14 2019"]
[Site "Bratislava"]
[Date "2019.08.07"]
[Round "6.7"]
[White "Dzida, Kamil"]
[Black "Antonica, Dragos-Andrei"]
[Result "0-1"]
[WhiteElo "1987"]
[BlackElo "2124"]
[Annotator "NA"]
[PlyCount "108"]
[EventDate "2019.08.02"]
[EventType "swiss"]
[EventCountry "SVK"]
[SourceTitle "playchess.com"]
[Source "ChessBase"]
[SourceQuality "1"]
[TimeControl "40/5400+30:1800+30"]

1. e4 {[%emt 0:00:00]} e6 {[%emt 0:00:00]} 2. d4 {[%emt 0:00:00]} d5 {[%emt 0:00:00]} 3. Nc3 {[%emt 0:00:00]} Bb4 {[%emt 0:00:00]} 4. e5 {[%emt 0:00:00]} b6 {[%emt 0:00:00]} 5. a3 {[%emt 0:08:40]} Bf8 {[%emt 0:00:03]} 6. f4 {[%emt 0:00:53]} Ne7 {[%emt 0:01:52]} 7. Nf3 {[%emt 0:03:38]} Qd7 {[%emt 0:00:24]} 8. a4 {[%emt 0:04:35]} Nbc6 {[%emt 0:10:06]} 9. Be3 {[%emt 0:14:16]} Nf5 {[%emt 0:03:18]} 10. Bf2 {[%emt 0:00:34]} h5 {[%emt 0:00:54]} 11. Bb5 {[%emt 0:06:02]} a6 {[%emt 0:03:50]} 12. Be2 {[%emt 0:00:41]} Bb7 {[%emt 0:03:01]} 13. Nh4 {[%emt 0:04:19]} Ncxd4 {[%emt 0:03:48]} 14. Nxf5 {[%emt 0:01:12]} Nxf5 {[%emt 0:00:19]} 15. Bxh5 {[%emt 0:01:56]} Bc5 {[%emt 0:14:37]} 16. Bg4 {[%emt 0:08:51]} Bxf2+ {[%emt 0:13:38]} 17. Kxf2 {[%emt 0:00:06]} O-O-O {[%emt 0:01:48]} 18. Qd3 {[%emt 0:06:23]} Rh4 {[%emt 0:11:41]} 19. h3 {[%emt 0:02:03]} d4 {[%emt 0:09:16]} 20. Ne2 {[%emt 0:20:17]} Ne3 {[%emt 0:07:10]} 21. Bf3 {[%emt 0:00:46]} Bxf3 {[%emt 0:01:09]} 22. gxf3 {[%emt 0:00:25]} Kb7 {[%emt 0:02:56]} 23. Qxd4 {[%emt 0:06:35]} Qxd4 {[%emt 0:02:11]} 24. Nxd4 {[%emt 0:00:05]} Rxd4 {[%emt 0:00:57]} 25. Kxe3 {[%emt 0:00:06]} Rdxf4 {[%emt 0:00:24]} 26. Rhg1 {[%emt 0:01:23]} Rf5 {[%emt 0:00:25]} 27. Rxg7 {[%emt 0:05:35]} Rxh3 {[%emt 0:00:18]} 28. Rf1 {[%emt 0:00:18]} Rxe5+ {[%emt 0:00:23]} 29. Kd3 {[%emt 0:00:42]} Rf5 {[%emt 0:00:22]} 30. Ke3 {[%emt 0:00:49]} Rh2 {[%emt 0:00:11]} 31. Rc1 {[%emt 0:00:12]} Kc6 {[%emt 0:04:08]} 32. Rg4 {[%emt 0:01:58]} Rc5 {[%emt 0:00:27]} 33. Kd3 {[%emt 0:00:25]} Rf2 {[%emt 0:00:43]} 34. Rf4 {[%emt 0:00:07]} f5 {[%emt 0:00:19]} 35. b4 {[%emt 0:02:40]} Rd5+ {[%emt 0:00:19]} 36. Kc3 {[%emt 0:00:45]} Kd6 {[%emt 0:00:13]} 37. Kb2 {[%emt 0:00:35]} c5 {[%emt 0:01:32]} 38. bxc5+ {[%emt 0:00:27]} bxc5 {[%emt 0:00:22]} 39. Re1 {[%emt 0:00:26]} Rd4 {[%emt 0:02:14]} 40. Rxd4+ {[%emt 0:00:00]} cxd4 {[%emt 0:00:00]} 41. Rd1 {[%emt 0:01:31]} Kd5 {[%emt 0:01:47]} 42. Rd3 {[%emt 0:00:41]} Kc4 {[%emt 0:01:10]} 43. Rb3 {[%emt 0:00:17]} e5 {[%emt 0:00:27]} 44. Rb6 {[%emt 0:01:11]} d3 {[%emt 0:00:59]} 45. Rc6+ {[%emt 0:00:17]} Kd5 {[%emt 0:00:13]} 46. Rxa6 {[%emt 0:00:17]} d2 {[%emt 0:00:38]} 47. Ra8 {[%emt 0:00:09]} Kc4 {[%emt 0:10:49]} 48. Rd8 {[%emt 0:00:22]} e4 {[%emt 0:00:09]} 49. fxe4 {[%emt 0:01:26]} fxe4 {[%emt 0:00:06]} 50. a5 {[%emt 0:00:03]} e3 {[%emt 0:03:04]} 51. a6 {[%emt 0:00:07]} Rf6 {[%emt 0:00:27]} 52. Rc8+ {[%emt 0:00:26]} Kb5 {[%emt 0:00:41]} 53. a7 {[%emt 0:01:24]} Ra6 {[%emt 0:00:25]} 54. c4+ {[%emt 0:01:21]} Kb4 {[%emt 0:00:22]} 0-1

[Event "EYCC Open-U14 2019"]
[Site "Bratislava"]
[Date "2019.08.07"]
[Round "6.8"]
[White "Razafindratsima, Timothe"]
[Black "Chyzy, Jakub"]
[Result "0-1"]
[WhiteElo "2178"]
[BlackElo "2093"]
[Annotator "NA"]
[PlyCount "152"]
[EventDate "2019.08.02"]
[EventType "swiss"]
[EventCountry "SVK"]
[SourceTitle "playchess.com"]
[Source "ChessBase"]
[SourceQuality "1"]
[TimeControl "40/5400+30:1800+30"]

1. e4 {[%emt 0:00:00]} e5 {[%emt 0:00:00]} 2. Nf3 {[%emt 0:00:00]} Nc6 {[%emt 0:00:00]} 3. Bb5 {[%emt 0:00:00]} a6 {[%emt 0:00:00]} 4. Ba4 {[%emt 0:00:00]} Nge7 {[%emt 0:00:00]} 5. O-O {[%emt 0:00:00]} g6 {[%emt 0:00:00]} 6. c3 {[%emt 0:00:01]} Bg7 {[%emt 0:00:00]} 7. d4 {[%emt 0:00:04]} exd4 {[%emt 0:00:06]} 8. cxd4 {[%emt 0:00:05]} b5 {[%emt 0:00:10]} 9. Bc2 {[%emt 0:00:04]} O-O {[%emt 0:00:09]} 10. d5 {[%emt 0:00:04]} Na5 {[%emt 0:00:13]} 11. Bd2 {[%emt 0:00:27]} Nc4 {[%emt 0:21:02]} 12. Bc3 {[%emt 0:00:04]} Nxb2 {[%emt 0:00:43]} 13. Qc1 {[%emt 0:00:05]} Nc4 {[%emt 0:00:21]} 14. Bxg7 {[%emt 0:00:05]} Kxg7 {[%emt 0:00:05]} 15. Bb3 {[%emt 0:00:05]} Nb6 {[%emt 0:02:57]} 16. Nbd2 {[%emt 0:00:15]} d6 {[%emt 0:01:15]} 17. Qc3+ {[%emt 0:00:05]} Kg8 {[%emt 0:00:38]} 18. Rac1 {[%emt 0:00:10]} Ra7 {[%emt 0:04:00]} 19. Nd4 {[%emt 0:00:23]} Nd7 {[%emt 0:21:54]} 20. a4 {[%emt 0:05:42]} bxa4 {[%emt 0:01:43]} 21. Bxa4 {[%emt 0:00:06]} Nc5 {[%emt 0:00:33]} 22. Bc6 {[%emt 0:00:09]} Bd7 {[%emt 0:01:35]} 23. Qe3 {[%emt 0:03:34]} Bxc6 {[%emt 0:09:34]} 24. dxc6 {[%emt 0:00:18]} Qe8 {[%emt 0:08:01]} 25. Qh6 {[%emt 0:03:48]} f6 {[%emt 0:16:05]} 26. Rc3 {[%emt 0:08:47]} Qf7 {[%emt 0:08:12]} 27. Ra1 {[%emt 0:02:32]} Raa8 {[%emt 0:00:46]} 28. N2b3 {[%emt 0:04:59]} Nxb3 {[%emt 0:03:11]} 29. Rxb3 {[%emt 0:00:14]} Rab8 {[%emt 0:00:27]} 30. Rc3 {[%emt 0:07:46]} Rb4 {[%emt 0:00:16]} 31. Qe3 {[%emt 0:00:20]} Rfb8 {[%emt 0:00:16]} 32. h4 {[%emt 0:00:19]} f5 {[%emt 0:01:07]} 33. Rd1 {[%emt 0:16:22]} f4 {[%emt 0:00:36]} 34. Qh3 {[%emt 0:00:41]} Qf6 {[%emt 0:00:25]} 35. Qe6+ {[%emt 0:00:12]} Kg7 {[%emt 0:00:32]} 36. h5 {[%emt 0:00:26]} g5 {[%emt 0:00:33]} 37. Qd7 {[%emt 0:01:37]} Rxd4 {[%emt 0:00:29]} 38. Rxd4 {[%emt 0:00:05]} Qxd4 {[%emt 0:00:21]} 39. Qxe7+ {[%emt 0:00:06]} Kh8 {[%emt 0:00:09]} 40. Rc1 {[%emt 0:00:00]} Qg7 {[%emt 0:00:00]} 41. Qe6 {[%emt 0:01:12]} g4 {[%emt 0:09:57]} 42. h6 {[%emt 0:00:33]} Qg5 {[%emt 0:01:09]} 43. Qd5 {[%emt 0:15:37]} Qxh6 {[%emt 0:09:09]} 44. Qd4+ {[%emt 0:00:09]} Qg7 {[%emt 0:01:14]} 45. Qa7 {[%emt 0:02:06]} Qb2 {[%emt 0:00:48]} 46. Rd1 {[%emt 0:02:27]} Qb6 {[%emt 0:01:26]} 47. Qxb6 {[%emt 0:00:05]} Rxb6 {[%emt 0:00:06]} 48. e5 {[%emt 0:00:09]} Rxc6 {[%emt 0:02:27]} 49. e6 {[%emt 0:00:30]} Kg7 {[%emt 0:00:13]} 50. Rd4 {[%emt 0:00:10]} g3 {[%emt 0:00:51]} 51. fxg3 {[%emt 0:00:10]} fxg3 {[%emt 0:00:09]} 52. Rg4+ {[%emt 0:00:10]} Kf6 {[%emt 0:00:08]} 53. Rxg3 {[%emt 0:00:04]} Kxe6 {[%emt 0:00:53]} 54. Rh3 {[%emt 0:00:06]} a5 {[%emt 0:00:10]} 55. Rxh7 {[%emt 0:00:04]} a4 {[%emt 0:00:33]} 56. Rh4 {[%emt 0:00:26]} Ra6 {[%emt 0:00:07]} 57. Re4+ {[%emt 0:00:05]} Kf5 {[%emt 0:00:06]} 58. Re2 {[%emt 0:00:16]} a3 {[%emt 0:00:04]} 59. Ra2 {[%emt 0:00:06]} Ke4 {[%emt 0:01:05]} 60. Kf2 c5 {[%emt 0:00:45]} 61. Ke2 {[%emt 0:00:57]} d5 {[%emt 0:00:08]} 62. Kd2 {[%emt 0:00:11]} d4 {[%emt 0:00:08]} 63. g4 {[%emt 0:00:33]} c4 {[%emt 0:00:06]} 64. g5 {[%emt 0:00:06]} Kf5 {[%emt 0:00:09]} 65. Kc1 {[%emt 0:00:15]} Kxg5 {[%emt 0:00:09]} 66. Kb1 {[%emt 0:00:04]} Kf4 {[%emt 0:00:07]} 67. Ka1 {[%emt 0:00:04]} Ke3 {[%emt 0:00:08]} 68. Rh2 {[%emt 0:00:17]} d3 {[%emt 0:00:13]} 69. Rh3+ {[%emt 0:00:10]} Kd2 {[%emt 0:00:06]} 70. Rh2+ {[%emt 0:00:05]} Kc1 {[%emt 0:00:08]} 71. Rh1+ {[%emt 0:01:15]} Kc2 {[%emt 0:00:07]} 72. Ka2 {[%emt 0:00:01]} d2 {[%emt 0:00:13]} 73. Rh3 {[%emt 0:00:17]} d1=Q {[%emt 0:03:47]} 74. Rc3+ {[%emt 0:00:06]} Kd2 75. Rd3+ {[%emt 0:00:09]} Ke1 {[%emt 0:00:09]} 76. Rd2 {[%emt 0:00:59]} Qxd2+ {[%emt 0:00:05]} 0-1

[Event "EYCC Open-U14 2019"]
[Site "Bratislava"]
[Date "2019.08.07"]
[Round "6.9"]
[White "Biletskiy, Danylo"]
[Black "Tsaruk, Maksim"]
[Result "1-0"]
[WhiteElo "2105"]
[BlackElo "2230"]
[Annotator "NA"]
[PlyCount "115"]
[EventDate "2019.08.02"]
[EventType "swiss"]
[EventCountry "SVK"]
[SourceTitle "playchess.com"]
[Source "ChessBase"]
[SourceQuality "1"]
[TimeControl "40/5400+30:1800+30"]

1. Nf3 {[%emt 0:00:00]} Nf6 {[%emt 0:00:00]} 2. c4 {[%emt 0:00:00]} b6 {[%emt 0:00:03]} 3. g3 {[%emt 0:00:00]} Bb7 {[%emt 0:00:06]} 4. Bg2 {[%emt 0:00:00]} g6 {[%emt 0:00:06]} 5. O-O {[%emt 0:00:04]} Bg7 {[%emt 0:00:05]} 6. d4 {[%emt 0:00:16]} O-O {[%emt 0:00:20]} 7. d5 {[%emt 0:00:12]} e6 {[%emt 0:08:53]} 8. Nc3 {[%emt 0:03:06]} exd5 {[%emt 0:00:53]} 9. cxd5 {[%emt 0:00:31]} d6 {[%emt 0:00:53]} 10. e4 {[%emt 0:04:25]} Re8 {[%emt 0:00:26]} 11. Nd4 {[%emt 0:01:51]} Qd7 {[%emt 0:04:49]} 12. f4 {[%emt 0:08:54]} c5 {[%emt 0:16:20]} 13. dxc6 {[%emt 0:06:53]} Nxc6 {[%emt 0:00:07]} 14. Nc2 {[%emt 0:13:58]} Rad8 {[%emt 0:16:17]} 15. f5 {[%emt 0:18:21]} Ne5 {[%emt 0:15:21]} 16. fxg6 {[%emt 0:05:52]} fxg6 {[%emt 0:00:43]} 17. Bg5 {[%emt 0:00:11]} Rf8 {[%emt 0:07:30]} 18. Nd5 {[%emt 0:16:47]} Nxd5 {[%emt 0:09:46]} 19. Bxd8 {[%emt 0:00:56]} Rxd8 {[%emt 0:00:01]} 20. exd5 {[%emt 0:00:10]} Qb5 {[%emt 0:00:00]} 21. Nd4 {[%emt 0:01:53]} Qxb2 {[%emt 0:00:09]} 22. Ne6 {[%emt 0:00:54]} Re8 {[%emt 0:00:05]} 23. Qb3 {[%emt 0:01:37]} Qd2 {[%emt 0:02:31]} 24. Rad1 {[%emt 0:00:40]} Qe2 {[%emt 0:01:00]} 25. Nxg7 {[%emt 0:03:50]} Kxg7 {[%emt 0:00:01]} 26. Qa4 {[%emt 0:00:53]} Re7 {[%emt 0:05:09]} 27. Rde1 {[%emt 0:02:11]} Qb2 {[%emt 0:10:26]} 28. Qh4 {[%emt 0:01:23]} Re8 {[%emt 0:00:00]} 29. Qf6+ {[%emt 0:00:21]} Kg8 {[%emt 0:00:01]} 30. Rxe5 {[%emt 0:00:50]} Qxe5 {[%emt 0:00:32]} 31. Qf7+ {[%emt 0:00:01]} Kh8 {[%emt 0:00:07]} 32. Qxb7 {[%emt 0:00:08]} h5 {[%emt 0:01:06]} 33. Qf7 {[%emt 0:00:32]} Qd4+ {[%emt 0:00:41]} 34. Kh1 {[%emt 0:00:32]} Rg8 {[%emt 0:00:28]} 35. Qxa7 {[%emt 0:03:07]} h4 {[%emt 0:00:16]} 36. Qe7 {[%emt 0:02:00]} hxg3 {[%emt 0:00:05]} 37. Qf6+ {[%emt 0:00:27]} Qxf6 {[%emt 0:00:04]} 38. Rxf6 {[%emt 0:00:01]} gxh2 {[%emt 0:00:11]} 39. Rxd6 {[%emt 0:00:07]} Ra8 {[%emt 0:00:06]} 40. Rxg6 {[%emt 0:00:00]} b5 {[%emt 0:00:00]} 41. Rb6 {[%emt 0:00:26]} Rxa2 {[%emt 0:00:30]} 42. Rxb5 {[%emt 0:00:07]} Kg7 {[%emt 0:00:05]} 43. Rb6 {[%emt 0:00:11]} Kf7 {[%emt 0:00:24]} 44. Kxh2 {[%emt 0:00:02]} Ke7 {[%emt 0:00:07]} 45. Kg3 {[%emt 0:00:06]} Ra3+ {[%emt 0:00:05]} 46. Kf4 {[%emt 0:00:10]} Kd7 {[%emt 0:00:45]} 47. Ke5 {[%emt 0:00:13]} Re3+ {[%emt 0:00:09]} 48. Be4 {[%emt 0:00:02]} Kc7 {[%emt 0:00:07]} 49. Rc6+ {[%emt 0:00:11]} Kd7 {[%emt 0:00:05]} 50. Rh6 {[%emt 0:00:11]} Re1 {[%emt 0:00:06]} 51. Rh7+ {[%emt 0:00:04]} Kc8 {[%emt 0:00:04]} 52. d6 {[%emt 0:00:06]} Kd8 {[%emt 0:00:09]} 53. Kd5 {[%emt 0:00:04]} Re2 {[%emt 0:01:14]} 54. Bf5 {[%emt 0:00:12]} Rd2+ {[%emt 0:00:03]} 55. Ke6 {[%emt 0:00:05]} Re2+ {[%emt 0:00:05]} 56. Kf6 {[%emt 0:00:05]} Re8 {[%emt 0:00:29]} 57. Rd7+ {[%emt 0:00:02]} Kc8 {[%emt 0:00:05]} 58. Re7+ {[%emt 0:00:09]} 1-0

[Event "EYCC Open-U14 2019"]
[Site "Bratislava"]
[Date "2019.08.07"]
[Round "6.10"]
[White "Sahakyan, Aleks"]
[Black "Can, Isik"]
[Result "0-1"]
[WhiteElo "1856"]
[BlackElo "2374"]
[Annotator "NA"]
[PlyCount "52"]
[EventDate "2019.08.02"]
[EventType "swiss"]
[EventCountry "SVK"]
[SourceTitle "playchess.com"]
[Source "ChessBase"]
[SourceQuality "1"]
[TimeControl "40/5400+30:1800+30"]

1. e4 {[%emt 0:00:00]} c6 {[%emt 0:00:00]} 2. d4 {[%emt 0:00:00]} d5 {[%emt 0:00:00]} 3. e5 {[%emt 0:00:00]} Bf5 {[%emt 0:00:00]} 4. Ne2 {[%emt 0:00:15]} e6 {[%emt 0:01:00]} 5. Ng3 {[%emt 0:00:06]} Bg6 {[%emt 0:02:44]} 6. h4 {[%emt 0:00:10]} h5 {[%emt 0:02:36]} 7. Be2 {[%emt 0:01:40]} c5 {[%emt 0:00:45]} 8. dxc5 {[%emt 0:00:53]} Nc6 {[%emt 0:18:44]} 9. Nd2 {[%emt 0:09:45]} Nxe5 {[%emt 0:12:54]} 10. Nb3 {[%emt 0:04:52]} Nf6 {[%emt 0:02:00]} 11. Bg5 {[%emt 0:07:35]} Bxc5 {[%emt 0:09:25]} 12. f4 {[%emt 0:09:11]} Ned7 {[%emt 0:02:28]} 13. f5 {[%emt 0:01:18]} exf5 {[%emt 0:05:09]} 14. Nxc5 {[%emt 0:00:58]} Qa5+ {[%emt 0:01:23]} 15. Qd2 {[%emt 0:06:25]} Qxc5 {[%emt 0:00:18]} 16. Be3 {[%emt 0:01:06]} Qd6 {[%emt 0:03:04]} 17. Bf4 {[%emt 0:00:21]} Qb6 {[%emt 0:00:01]} 18. O-O-O {[%emt 0:04:26]} O-O {[%emt 0:00:08]} 19. Bg5 {[%emt 0:04:44]} Rac8 {[%emt 0:07:35]} 20. Bd3 {[%emt 0:04:02]} Ne4 {[%emt 0:06:33]} 21. Bxe4 {[%emt 0:01:24]} fxe4 {[%emt 0:00:02]} 22. Qxd5 {[%emt 0:03:30]} Qf2 {[%emt 0:04:07]} 23. Rd2 {[%emt 0:01:08]} Qxg3 {[%emt 0:00:02]} 24. Qxd7 {[%emt 0:00:11]} e3 {[%emt 0:00:02]} 25. Re2 {[%emt 0:00:01]} Bxc2 {[%emt 0:00:07]} 26. Rxe3 {[%emt 0:01:52]} Bf5+ 0-1

[Event "EYCC Open-U14 2019"]
[Site "Bratislava"]
[Date "2019.08.07"]
[Round "6.11"]
[White "Oglaza, Oskar"]
[Black "Kusa, Jakub"]
[Result "1-0"]
[WhiteElo "2345"]
[BlackElo "2199"]
[Annotator "NA"]
[PlyCount "83"]
[EventDate "2019.08.02"]
[EventType "swiss"]
[EventCountry "SVK"]
[SourceTitle "playchess.com"]
[Source "ChessBase"]
[SourceQuality "1"]
[TimeControl "40/5400+30:1800+30"]

1. e4 {[%emt 0:00:00]} c6 {[%emt 0:00:00]} 2. d4 {[%emt 0:00:00]} d5 {[%emt 0:00:00]} 3. Nc3 {[%emt 0:00:00]} dxe4 {[%emt 0:00:07]} 4. Nxe4 {[%emt 0:00:00]} Nd7 {[%emt 0:00:12]} 5. Nf3 {[%emt 0:00:20]} Ngf6 {[%emt 0:00:27]} 6. Ned2 {[%emt 0:00:14]} e6 {[%emt 0:02:57]} 7. g3 {[%emt 0:00:43]} b6 {[%emt 0:01:22]} 8. Bg2 {[%emt 0:00:13]} Bb7 {[%emt 0:00:28]} 9. O-O {[%emt 0:01:22]} Be7 {[%emt 0:03:35]} 10. Re1 {[%emt 0:08:51]} O-O {[%emt 0:02:30]} 11. Ne5 {[%emt 0:12:17]} Qc7 {[%emt 0:03:39]} 12. Ndc4 {[%emt 0:04:59]} b5 {[%emt 0:16:28]} 13. Nxd7 {[%emt 0:00:58]} Qxd7 {[%emt 0:02:50]} 14. Ne5 {[%emt 0:05:42]} Qc7 {[%emt 0:01:52]} 15. Bf4 {[%emt 0:08:53]} Bd6 {[%emt 0:04:18]} 16. c3 {[%emt 0:02:00]} a5 {[%emt 0:06:39]} 17. Qe2 {[%emt 0:12:43]} Nd7 {[%emt 0:05:57]} 18. Nxd7 {[%emt 0:10:07]} Qxd7 {[%emt 0:00:42]} 19. Bxd6 {[%emt 0:00:48]} Qxd6 {[%emt 0:00:12]} 20. Qe5 {[%emt 0:00:02]} Rfd8 {[%emt 0:00:59]} 21. a4 {[%emt 0:03:15]} b4 {[%emt 0:01:18]} 22. f4 {[%emt 0:02:51]} Bc8 {[%emt 0:06:00]} 23. Qxd6 {[%emt 0:01:20]} Rxd6 {[%emt 0:00:08]} 24. Re5 {[%emt 0:00:01]} Kf8 {[%emt 0:03:03]} 25. Rc5 {[%emt 0:00:28]} Bd7 {[%emt 0:00:57]} 26. Kf2 {[%emt 0:06:55]} Ke7 {[%emt 0:01:44]} 27. Ke3 {[%emt 0:00:44]} Be8 {[%emt 0:02:29]} 28. cxb4 {[%emt 0:02:26]} axb4 {[%emt 0:00:26]} 29. Rc4 {[%emt 0:03:09]} Ra5 {[%emt 0:01:58]} 30. b3 {[%emt 0:01:24]} f6 {[%emt 0:01:24]} 31. Rac1 {[%emt 0:02:33]} e5 {[%emt 0:01:12]} 32. dxe5 {[%emt 0:02:09]} fxe5 {[%emt 0:00:21]} 33. Rxb4 {[%emt 0:01:05]} exf4+ {[%emt 0:01:50]} 34. gxf4 {[%emt 0:03:01]} c5 {[%emt 0:00:49]} 35. Rb7+ {[%emt 0:00:23]} Kf6 {[%emt 0:00:43]} 36. Be4 {[%emt 0:00:49]} h6 {[%emt 0:05:58]} 37. Rc7 {[%emt 0:00:11]} Bf7 {[%emt 0:01:58]} 38. R1xc5 {[%emt 0:01:07]} Rxc5 {[%emt 0:00:15]} 39. Rxc5 {[%emt 0:00:03]} Bxb3 {[%emt 0:00:18]} 40. a5 {[%emt 0:00:00]} Ba4 {[%emt 0:00:00]} 41. Bb7 {[%emt 0:00:58]} Rd7 {[%emt 0:03:00]} 42. a6 {[%emt 0:00:15]} 1-0